000 00700cam a22002055a 4500
001 E150416
008 100709s2009 xxk f 000 0 eng d
035 _a(Sirsi) u150416
041 0 _aeng
110 2 _aRoyal Institution of Chartered Surveyors
_94900
245 0 0 _a2007/08 annual review
_badvancing standards and professionalism worldwide
260 _aLondon
_bRICS
_c2009
300 _a16p.
_bcol. ill.
_c30cm.
490 0 _aRICS Annual Report
520 _aSets out RICS' strategic global agenda and provides a snapshot of recent achievements.
650 2 4 _aRICS ANNUAL REVIEW AND FINANCIAL STATEMENTS
651 4 _aInternational
690 _aABOUT RICS-RICS ANNUAL REPORT
942 _n0
999 _c110864
_d110864